Paní Řeřichová zasahuje, aneb, Veselé paničky novoměstské : satirická zpěvní, hudební a baletní estrádní komedie o 9 obrazech /

Hlavní autor: Špilar, Václav, 1902-1968
Jazyk: Čeština
Vydáno: Praha : Československé divadelní a literární jednatelství, 1956
Fyzický popis: 57 s.
Knihy
Uloženo v:
LEADER 00772nam a2200193 a 4500
001 000625747
003 CZ BrMZK
005 20091020092040.0
007 ta
008 020926s1956 xr f cze d
040 |a BOA001  |b cze  |c BOA001 
100 1 |a Špilar, Václav,  |d 1902-1968  |7 jz6702197  |4 aut 
245 1 0 |a Paní Řeřichová zasahuje, aneb, Veselé paničky novoměstské :  |b satirická zpěvní, hudební a baletní estrádní komedie o 9 obrazech /  |c Václav Špilar ... [et al.] 
246 3 3 |a Veselé paničky novoměstské 
260 |a Praha :  |b Československé divadelní a literární jednatelství,  |c 1956 
300 |a 57 s. 
910 |a BOA001  |b 4-0360.586 
990 |a BK 
996 7 |b 2619339878  |c 4-0360.586  |l MZK  |r Sklad / do 24 hodin  |n 1  |w 000625747  |u 000010  |a 1  |e BOA001  |j MZK50  |s A